ბათუმის შოთა რუსთაველის სახელმწიფო უნივერსიტეტის ბიბლიოთეკა

გულიზარ.პოემა (ბიბ.ჩანაწერი № 42619)

000 -LEADER
fixed length control field 00638nam a2200229Ia 4500
001 - CONTROL NUMBER
control field 9323
003 - CONTROL NUMBER IDENTIFIER
control field GE_BSU
008 - FIXED-LENGTH DATA ELEMENTS--GENERAL INFORMATION
fixed length control field 181216s||||||||xx |||||||||||||| ||und||
040 ## - CATALOGING SOURCE
Transcribing agency GE_BSU
080 ## - UNIVERSAL DECIMAL CLASSIFICATION NUMBER
Universal Decimal Classification number 821.353.1–11
100 ## - MAIN ENTRY--PERSONAL NAME
Personal name მალაზონია,ნესტორ
245 ## - TITLE STATEMENT
Title გულიზარ.პოემა
245 ## - TITLE STATEMENT
Remainder of title პოემა
245 ## - TITLE STATEMENT
Statement of responsibility, etc. რედ.პ.ლორია
260 ## - PUBLICATION, DISTRIBUTION, ETC.
Place of publication, distribution, etc. ბათუმი
260 ## - PUBLICATION, DISTRIBUTION, ETC.
Name of publisher, distributor, etc. აჭარის სახელგამი
260 ## - PUBLICATION, DISTRIBUTION, ETC.
Date of publication, distribution, etc. 1940
300 ## - PHYSICAL DESCRIPTION
Extent 184გვ.17სმ.
653 ## - INDEX TERM--UNCONTROLLED
Uncontrolled term გულიზარ.
653 ## - INDEX TERM--UNCONTROLLED
Uncontrolled term პოემა
942 ## - ADDED ENTRY ELEMENTS (KOHA)
Koha item type წიგნი
ეგზემპლარები
Withdrawn status Lost status Damaged status Not for loan Date acquired Barcode Date last seen Price effective from Koha item type
        2018-12-17 32232 2018-12-17 2018-12-17 წიგნი
        2018-12-17 32233 2018-12-17 2018-12-17 წიგნი
        2018-12-17 32234 2018-12-17 2018-12-17 წიგნი
        2018-12-17 32235 2018-12-17 2018-12-17 წიგნი
        2018-12-17 32236 2018-12-17 2018-12-17 წიგნი
        2018-12-17 32237 2018-12-17 2018-12-17 წიგნი
        2018-12-17 32238 2018-12-17 2018-12-17 წიგნი
        2018-12-17 32239 2018-12-17 2018-12-17 წიგნი
        2018-12-17 32240 2018-12-17 2018-12-17 წიგნი
        2018-12-17 32241 2018-12-17 2018-12-17 წიგნი